| 000 | 02830cam a22003615a 4500 | ||
|---|---|---|---|
| 001 | L144333 | ||
| 002 | 17466 | ||
| 008 | 080710s2008 xxk f 001 0 eng d | ||
| 020 | _a9781847661708 | ||
| 035 | _a(Sirsi) u144333 | ||
| 041 | 0 | _aeng | |
| 050 | 0 | 4 | _a711.1 $2 18 |
| 100 | 1 | _aRoots, Guy | |
| 245 | 0 | 4 | _aThe law of compulsory purchase |
| 260 |
_aHaywards Heath _bTottel Publishing _c2008 |
||
| 300 |
_axci, 700p. _c26cm. |
||
| 505 | 2 | _aIntroduction: evolution of the system; the nature of compulsory purchase; the human rights dimension; disposal of land acquired by compulsion | |
| 505 | 2 | _aPowers of compulsory purchase: compulsory purchase powers; the subject matter of compulsory purchase; purchase of land by agreement; purchase and blight notices | |
| 505 | 2 | _aCompulsory purchase orders and procedure: acquisition by a non-ministerial authority; acquisition by a ministerial authority; special categories of land; special parliamentary procedure; challenging a compulsory purchase order; Transport and Works Act 1992 | |
| 505 | 2 | _aImplementation of compulsory purchase: commencing implementation of compulsory purchase; lawful entry; acquiring title and completion; special cases; interests in land | |
| 505 | 2 | _aCompensation for compulsory purchase: compensation for land acquired; assumptions as to planning permission; disregarding the scheme; equivalent reinstatement; compensation for disturbance; severance and injurious affection; deduction for betterment; supplementary payments and duty to rehouse | |
| 505 | 2 | _aCompensation where no land taken: injurious affection where no land has been taken; compensation for the use of public works; mitigation of the effects of public works | |
| 505 | 2 | _aCompensation for decisions, controls and works: compensation for planning decisions; compensation for decisions relating to mineral planning permissions; compensation for the exercise of powers under the Highways Act 1980; compensation for the exercise of powers relating to water supply, sewage disposal; land drainage; pollution control and public health; compensation under the legislation relating to the gas, electricity and telecommunications industry | |
| 505 | 2 | _aDetermination and recovery of compensation | |
| 520 | _aBook seeks to provide a comprehensive guide to the law and practice in the field of compulsory purchase and compensation, making it as accessible as is possible. Aimed at all practitioners (including lawyers, surveyors and valuers). Bound version of a two volume loose leaf publication. | ||
| 521 | _aAdvanced | ||
| 651 | 4 |
_aUnited Kingdom _y |
|
| 690 | _aENVIRONMENTAL AND LAND CONSULTANCY-PLANNING AND DEVELOPMENT-COMPULSORY PURCHASE AND COMPENSATION | ||
| 700 | 1 | _aHumphries, Michael | |
| 700 | 1 | _aFookes, Robert | |
| 700 | 1 | _aPereira, James | |
| 942 | _n0 | ||
| 999 |
_c108460 _d108460 |
||